000 02108cam a2200289 4500500
005 20251228075711.0
041 _afre
042 _adc
100 1 0 _aKolly, Bérengère
_eauthor
245 0 0 _aÉloge de la répétition
260 _c2019.
500 _a33
520 _aLa répétition est généralement l’objet d’un double discours : elle est soit présentée comme l’outil incontournable d’un apprentissage efficace, et adossée à une pensée utilitaire de l’éducation ; soit critiquée comme le moyen d’une imitation mécanique, sans sens et sans émancipation. Ce texte tentera un éloge, tant philosophique que pédagogique, de la répétition comme exercice, et comme expérience du temps. Mais ce temps, qui est peut-être le temps de l’enfance, n’est pas celui, horizontal, de l’efficacité, de la production et de l’appropriation, mais serait plutôt un temps vertical de la profondeur et de l’exploration. La répétition comme exercice ouvre ainsi à la maîtrise, c’est-à-dire aussi à une expérience singulière et créatrice.
520 _aRepetition can be understood as the main tool for effective learning, according to an utilitarian view of education. It can also be criticized as the means for mechanical imitation, as meaningless and without emancipation. This text will attempt a philosophical and pedagogical tribute to repetition in education. Repetition is here understood as exercise, and as an experience of time. This time, which might be the time of childhood, is not the horizontal time of efficiency, production, and appropriation. It is the vertical time of depth, exploration, mastery and creative experience.
690 _aBilleter
690 _aenfance
690 _ageste
690 _arépétition
690 _atemps
690 _aBilleter
690 _achildhood
690 _agesture
690 _arepetition
690 _atime
786 0 _nLe Télémaque |  55 | 1 | 2019-09-30 | p. 79-92 | 1263-588X
856 4 1 _uhttps://shs.cairn.info/revue-le-telemaque-2019-1-page-79?lang=fr&redirect-ssocas=7080
999 _c1598079
_d1598079